[Event "Perenyi mem 2nd"]
[Site "Gyula"]
[Date "1998.??.??"]
[Round "2"]
[White "Jagodzinski, Andreas"]
[Black "Ruck, Robert"]
[Result "0-1"]
[WhiteElo "2210"]
[BlackElo "2450"]

1.d4 Nf6 2.c4 g6 3.Nc3 d5 4.cxd5 Nxd5 5.e4 Nxc3 6.bxc3 Bg7 7.Nf3 c5 8.Rb1 O-O
9.Be2 b6 10.O-O Bb7 11.d5 Bxc3 12.Bc4 Nd7 13.Bf4 Bg7 14.Re1 Nf6 15.h3 Ne8
16.a4 Nd6 17.Ba2 Rc8 18.e5 Nf5 19.Bc4 Kh8 20.g4 Nd4 21.Nxd4 cxd4 22.Qxd4 Qd7
23.Ba2 Rc5 24.Bd2 Rd8 25.Bb4 Rc7 26.d6 exd6 27.Bxd6 Rc2 28.Bd5 Qxd6 29.exd6 Bxd4  0-1

[Event "Perenyi mem 2nd"]
[Site "Gyula"]
[Date "1998.??.??"]
[Round "10"]
[White "Zimmerman, Yuri"]
[Black "Ruck, Robert"]
[Result "1/2-1/2"]
[WhiteElo "2340"]
[BlackElo "2450"]

1.d4 Nf6 2.c4 g6 3.Nc3 d5 4.cxd5 Nxd5 5.e4 Nxc3 6.bxc3 Bg7 7.Nf3 c5 8.Rb1 O-O
9.Be2 b6 10.O-O Bb7 11.Qd3 Ba6 12.Qe3 cxd4 13.cxd4 Qd7 14.Bxa6 Nxa6 15.Ba3 Rfc8
16.Qe2  1/2-1/2

[Event "HUN-chT29899"]
[Site "HUN"]
[Date "1998.??.??"]
[Round "?"]
[White "Peredy, Ferenc"]
[Black "Dolgener, Tobias"]
[Result "1/2-1/2"]
[WhiteElo "2470"]
[BlackElo "2270"]

1.d4 Nf6 2.c4 g6 3.Nc3 d5 4.cxd5 Nxd5 5.e4 Nxc3 6.bxc3 Bg7 7.Nf3 O-O 8.Rb1 c5
9.Be2 cxd4 10.cxd4 Qa5+ 11.Bd2 Qxa2 12.O-O b6 13.Qc1 Bb7 14.Bc4 Qa4 15.Bb5 Qa2
16.Bc4 Qa4 17.Bb5 Qa2 18.Re1 Rc8 19.Qd1 Qc2 20.Qe2 Qc7 21.Rbc1 Qd8 22.Rxc8 Bxc8
23.Rc1 Bg4 24.h3 Bxf3 25.Qxf3 Nd7 26.e5 Nf8 27.Bb4 a6 28.Bc4 e6 29.Be7 Qc8
30.Rc3 Ra7 31.Bd6 Qe8 32.Ra3 b5 33.Bd3 a5 34.Bc5 Ra6 35.Qb7 Qc6 36.Qxc6 Rxc6
37.Bxb5 Rc8 38.Rxa5 Bxe5 39.Ba6 Bc7 40.Bxc8 Bxa5 41.f3 g5  1/2-1/2

[Event "HUN-chT2 9798"]
[Site "HUN"]
[Date "1998.??.??"]
[Round "?"]
[White "Menyhart, Tibor"]
[Black "Veroci, Zsuzsa"]
[Result "1/2-1/2"]
[WhiteElo "2205"]
[BlackElo "2300"]

1.d4 Nf6 2.c4 g6 3.Nc3 d5 4.cxd5 Nxd5 5.e4 Nxc3 6.bxc3 Bg7 7.Nf3 c5 8.Be3 Qa5
9.Qd2 Nc6 10.Rc1 cxd4 11.cxd4 Qxd2+ 12.Kxd2 O-O  1/2-1/2

[Event "HUN-chT9899"]
[Site "HUN"]
[Date "1998.??.??"]
[Round "?"]
[White "Flumbort, Andras"]
[Black "Horvath, Miklos"]
[Result "1-0"]
[WhiteElo "2245"]
[BlackElo "2295"]

1.d4 Nf6 2.c4 g6 3.Nc3 d5 4.cxd5 Nxd5 5.e4 Nxc3 6.bxc3 Bg7 7.Nf3 O-O 8.Be2 b6
9.O-O Bb7 10.Qd3 c5 11.Bg5 cxd4 12.cxd4 Qd7 13.Rac1 e6 14.Qe3 Nc6 15.Bb5 f6
16.d5 exd5 17.exd5 Qxd5 18.Bc4 Qxc4 19.Rxc4 Rae8 20.Qc1 Na5 21.Bd2 Nxc4 22.Qxc4+ Kh8
23.Re1 Rxe1+ 24.Bxe1 Rc8 25.Qf7 Be4 26.Bc3 h6 27.Nd2 Bd3 28.Qb3 b5 29.h3 Bf5
30.Nf3 a6 31.Qb2 Rf8 32.Nh4 Be4 33.f3 Bd3 34.Qd2 Bb1 35.Qd1  1-0

[Event "HUN-chT29899"]
[Site "HUN"]
[Date "1998.??.??"]
[Round "?"]
[White "Ballai, Zsolt"]
[Black "Pasztor, Ferenc"]
[Result "1/2-1/2"]
[WhiteElo "2335"]
[BlackElo "2270"]

1.d4 Nf6 2.c4 g6 3.Nc3 d5 4.cxd5 Nxd5 5.e4 Nxc3 6.bxc3 Bg7 7.Nf3 O-O 8.Rb1 c5
9.Be2 cxd4 10.cxd4 Qa5+ 11.Bd2 Qd8 12.Be3 Qa5+ 13.Bd2 Qd8 14.Bc3 b6 15.O-O Bb7
16.Qd3 Ba6 17.Qe3 Bxe2 18.Qxe2 Nd7 19.e5 Rc8 20.Bb4 Nb8 21.Rfd1 Nc6 22.d5 Nxb4
23.Rxb4 Re8 24.h4 Qc7 25.h5 Qc5 26.e6 f5 27.Rb3 Qc4 28.Qxc4 Rxc4 29.hxg6 hxg6
30.Ra3 a5 31.Rb1 Rd8 32.Rxb6 Rxd5 33.Rb8+ Kh7 34.Ng5+ Kh6 35.Nf7+ Kh5 36.Rh3+ Rh4
37.Rxh4+ Kxh4 38.Rg8 Be5 39.Nxe5 Rxe5 40.Rxg6 Kh5 41.Rg8 Re4 42.Kh2 Rxe6
43.f4 Re2 44.Rg5+ Kh4 45.Rxf5  1/2-1/2

[Event "HUN-chT9899"]
[Site "HUN"]
[Date "1998.??.??"]
[Round "?"]
[White "Koczka, Zsolt"]
[Black "Flumbort, Andras"]
[Result "1-0"]
[WhiteElo "2260"]
[BlackElo "2245"]

1.d4 Nf6 2.c4 g6 3.Nc3 d5 4.cxd5 Nxd5 5.e4 Nxc3 6.bxc3 Bg7 7.Bc4 O-O 8.Ne2 c5
9.O-O Nc6 10.Be3 cxd4 11.cxd4 Bg4 12.f3 Na5 13.Rc1 Nxc4 14.Rxc4 Bd7 15.Qb1 a6
16.Nc3 b5 17.Rc5 Rc8 18.Rxc8 Bxc8 19.Qb4 e6 20.Rd1 Qc7 21.Rc1 Qd7 22.Rd1 Rd8
23.d5 Qc7 24.Bd4 a5 25.Nxb5 Qc2 26.Qd2 Bxd4+ 27.Qxd4 exd5 28.Nc3 Qb2 29.Qf6 Rf8
30.exd5 Bf5 31.d6 Qb6+ 32.Qd4 Qb4 33.Qxb4 axb4 34.Nd5 Be6 35.Nxb4  1-0

[Event "HUN-chT29899"]
[Site "HUN"]
[Date "1998.??.??"]
[Round "?"]
[White "Binder, Tamas"]
[Black "Isepy, Jozsef"]
[Result "0-1"]
[WhiteElo "2235"]
[BlackElo "2185"]

1.d4 Nf6 2.c4 g6 3.Nc3 d5 4.cxd5 Nxd5 5.e4 Nxc3 6.bxc3 Bg7 7.Bc4 O-O 8.Ne2 c5
9.Be3 Nc6 10.O-O cxd4 11.cxd4 b6 12.Rc1 Bb7 13.Bd5 Qd7 14.Nc3 e6 15.Bxc6 Bxc6
16.d5 Bb7 17.Bd4 Bh6 18.Qf3 f5 19.Rcd1 exd5 20.exd5 Rad8 21.Rfe1 Rfe8 22.Rxe8+ Rxe8
23.Qh3 Bg5 24.Qg3 Bh6 25.h3 b5 26.Qh4 Bg7 27.Bxg7 Kxg7 28.Qd4+ Kf7 29.Qxa7 b4
30.Qa4 Qd6 31.Qb5 Ba6 32.Qa5 bxc3 33.Qxc3 Qe5 34.Qb4 Rb8 35.Qh4 h5 36.d6 Qf6
37.Qa4 Bc8 38.Qa7+ Rb7 39.Qxb7+ Bxb7 40.d7 Qd8  0-1

[Event "HUN-chT 9798"]
[Site "Hungary"]
[Date "1998.??.??"]
[Round "?"]
[White "Bali, Janos"]
[Black "Dobos, Jozsef"]
[Result "1-0"]
[WhiteElo "2270"]
[BlackElo "2380"]

1.d4 Nf6 2.c4 g6 3.Nc3 d5 4.cxd5 Nxd5 5.e4 Nxc3 6.bxc3 Bg7 7.Nf3 c5 8.Rb1 O-O
9.Be2 b6 10.Be3 Bb7 11.Qc2 cxd4 12.cxd4 e6 13.h4 Nd7 14.e5 Rc8 15.Qb2 Be4
16.Rc1 Rxc1+ 17.Qxc1 Qc8 18.Qa3 Qc2 19.Bd1 Qc6 20.O-O b5 21.Be2 Nb6 22.Rc1 Nc4
23.Qxa7 Ra8 24.Qe7 Bf8 25.Qf6 Bg7 26.Qf4 Rxa2 27.Ng5 Bf5 28.Bxc4 bxc4 29.g4 h6
30.Nxf7 Kxf7 31.gxf5 gxf5 32.Kh2 Kf8 33.Qg3 Qe4 34.Rxc4 Qg4 35.Qxg4 fxg4
36.h5 Ra1 37.Rc1 Ra5 38.Kg3 Ra4 39.Kf4 Kf7 40.Rg1 Bf8 41.Rxg4 Bb4 42.Rg6  1-0

[Event "HUN-chT 9798"]
[Site "Hungary"]
[Date "1998.??.??"]
[Round "?"]
[White "Chernin, Alexander"]
[Black "Stohl, Igor"]
[Result "0-1"]
[WhiteElo "2635"]
[BlackElo "2580"]

1.d4 Nf6 2.c4 g6 3.Nc3 d5 4.cxd5 Nxd5 5.e4 Nxc3 6.bxc3 Bg7 7.Nf3 c5 8.Rb1 O-O
9.Be2 cxd4 10.cxd4 Qa5+ 11.Bd2 Qxa2 12.O-O Bg4 13.Be3 Nc6 14.Rxb7 Rab8 15.Rc7 Rfc8
16.Rxc8+ Rxc8 17.h3 Bxf3 18.Bxf3 Rd8 19.d5 Ne5 20.Bg5 Bf6 21.Bxf6 exf6 22.Qd4 Rb8
23.Bd1 Rb2 24.Ba4 a5 25.Be8 Rb1 26.Rxb1 Qxb1+ 27.Kh2 Qb8  0-1

[Event "HUN-chT 9798"]
[Site "Hungary"]
[Date "1998.??.??"]
[Round "?"]
[White "Csiszar, Zoltan"]
[Black "Baranyai, Szabolcs Jr"]
[Result "1-0"]
[WhiteElo "2215"]
[BlackElo "2220"]

1.d4 Nf6 2.c4 g6 3.Nc3 d5 4.cxd5 Nxd5 5.e4 Nxc3 6.bxc3 Bg7 7.Be3 O-O 8.Nf3 c5
9.Qd2 Qa5 10.Rb1 a6 11.Be2 Nc6 12.Rd1 Rd8 13.O-O b5 14.Qc2 c4 15.h3 Bb7 16.d5 Ne5
17.Nd4 Rac8 18.Rb1 Ba8 19.f4 Nd3 20.Rfd1 Nc5 21.Bg4 Rc7 22.f5 h5 23.Bf3 Qa3
24.Bc1 Qa4 25.Qe2 Nd3 26.Bg5 Qa3 27.fxg6 Bxd4+ 28.cxd4 fxg6 29.Rf1 Qd6 30.Kh1 Rf8
31.e5 Qb6 32.Be4 Rcc8 33.Qe3  1-0

[Event "Jyvaskyla We JyS"]
[Site "Jyvaskyla"]
[Date "1998.??.??"]
[Round "1"]
[White "Kilpi, Teemu"]
[Black "Holmsten, Aleksei"]
[Result "0-1"]
[WhiteElo "2170"]
[BlackElo "2425"]

1.d4 Nf6 2.c4 g6 3.Nc3 d5 4.cxd5 Nxd5 5.e4 Nxc3 6.bxc3 Bg7 7.Nf3 O-O 8.Rb1 c5
9.Be2 Nc6 10.d5 Bxc3+ 11.Bd2 Bxd2+ 12.Qxd2 Na5 13.h4 Bg4 14.h5 Bxf3 15.gxf3 e5
16.hxg6 fxg6 17.d6 b6 18.Qd5+ Kg7 19.Qxe5+ Qf6 20.Qd5 Rae8 21.Qd2 h5 22.Qb2 Qxb2
23.Rxb2 Re6 24.Rd2 Rd8 25.Bb5 Rexd6 26.Rxd6 Rxd6 27.Ke2 Nc6 28.Bxc6 Rxc6
29.Kd3 Rd6+ 30.Ke3 c4 31.e5 Rd8 32.a4 c3 33.Rc1 Rc8 34.Kd4 Kf7 35.Kd5 Ke7  0-1

[Event "Karvina op"]
[Site "Karvina"]
[Date "1998.??.??"]
[Round "?"]
[White "Sobek, Jaroslav"]
[Black "Sergienko, Sergey"]
[Result "1-0"]
[WhiteElo "2245"]
[BlackElo "2405"]

1.d4 Nf6 2.c4 g6 3.Nc3 d5 4.cxd5 Nxd5 5.e4 Nxc3 6.bxc3 Bg7 7.Bc4 O-O 8.Ne2 Nc6
9.O-O b6 10.Be3 Bb7 11.Qd2 Qd7 12.Bh6 Na5 13.Bd3 c5 14.Bxg7 Kxg7 15.d5 c4
16.Bc2 e5 17.f4 Qd6 18.fxe5 Qxe5 19.Nd4 Kg8 20.Rf4 Rad8 21.Raf1 Bc8 22.Qf2 Qe7
23.h4 a6 24.h5 Rd6 25.hxg6 hxg6 26.e5 Rxd5 27.Bxg6 Rxe5 28.Bxf7+ Kg7 29.Be6  1-0

[Event "Korinthos op"]
[Site "Korinthos"]
[Date "1998.??.??"]
[Round "7"]
[White "Botsari Miladinovic, Anna Maria"]
[Black "Kolbus, Dietmar"]
[Result "1-0"]
[WhiteElo "2325"]
[BlackElo "2320"]

1.d4 Nf6 2.c4 g6 3.Nc3 d5 4.cxd5 Nxd5 5.e4 Nxc3 6.bxc3 Bg7 7.Nf3 c5 8.Rb1 O-O
9.Be2 Qa5 10.O-O cxd4 11.cxd4 Qxa2 12.Bg5 b6 13.Re1 Qe6 14.d5 Qd7 15.Bb5 Qb7
16.h3 a6 17.Bc4 b5 18.Ba2 a5 19.Nd4 b4 20.Qd2 Re8 21.e5 e6 22.Bf6 Bf8 23.dxe6 Bxe6
24.Nxe6 fxe6 25.f4 Na6 26.f5 gxf5 27.Qg5+ Bg7 28.Qxf5 Qf7 29.Qg4 Kh8 30.Bxe6 Qg6
31.Qf3 Bxf6 32.exf6 Rf8 33.f7 Nc5 34.Bd5 Rad8 35.Rbd1 Qg7 36.Qf2 Na4 37.Rd3 Rd6
38.Re8 Rd8 39.Rg3 Qa1+ 40.Re1 Qb2 41.Re2 Qa1+ 42.Kh2 Rxd5 43.Re8  1-0

[Event "MK Cafe Cup-B"]
[Site "Koszalin"]
[Date "1998.??.??"]
[Round "6"]
[White "Shishkin, Vadim"]
[Black "Lukinov, Petr"]
[Result "1-0"]
[WhiteElo "2440"]
[BlackElo "2290"]

1.d4 Nf6 2.c4 g6 3.Nc3 d5 4.cxd5 Nxd5 5.e4 Nxc3 6.bxc3 Bg7 7.Bb5+ c6 8.Ba4 O-O
9.Ne2 e5 10.O-O Qe7 11.f3 Rd8 12.Be3 Be6 13.Bb3 Na6 14.Bxe6 Qxe6 15.Rb1 b6
16.Qa4 Nc7 17.Rfd1 f5 18.Bg5 Re8 19.dxe5 fxe4 20.f4 h6 21.Rd6 Qg4 22.Qc4+ Kh7
23.h3 Qf5 24.Ng3 Qf8 25.Bf6 Nd5 26.Nxe4 Rac8 27.Rd7 Rc7 28.Bxg7 Qxf4 29.Nf6+ Nxf6
30.Qxf4 Nxd7 31.Qxh6+  1-0

[Event "RUS-Cup"]
[Site "Krasnodar"]
[Date "1998.??.??"]
[Round "1"]
[White "Riazantsev, Alexander"]
[Black "Yandemirov, Valeri"]
[Result "1/2-1/2"]
[WhiteElo "2290"]
[BlackElo "2545"]

1.d4 Nf6 2.c4 g6 3.Nc3 d5 4.cxd5 Nxd5 5.e4 Nxc3 6.bxc3 Bg7 7.Bb5+ Nc6 8.Nf3 O-O
9.O-O Na5 10.Ba3 c6 11.Bd3 Be6 12.Qe2 b5 13.Rfd1 Bc4 14.Bc5 Qc7 15.Bxc4 Nxc4
16.a4 a6 17.Ne1 Rfd8 18.e5 Nb6 19.axb5 cxb5 20.e6 f5 21.Nd3 Na4 22.Rdc1 Bf6
23.g3 Qc6 24.Rc2 Qe4 25.Re1 Qxe2 26.Rexe2 a5 27.Rc1 Rdc8 28.Ra2 Rc6 29.Ra3 Rxe6
30.Rb1 Nxc5 31.Nxc5 Rb6 32.Nd7  1/2-1/2

[Event "RUS-Cup"]
[Site "Krasnodar"]
[Date "1998.??.??"]
[Round "1"]
[White "Gleizerov, Evgeny"]
[Black "Stambulin, A."]
[Result "1/2-1/2"]
[WhiteElo "2545"]
[BlackElo "2300"]

1.d4 Nf6 2.c4 g6 3.Nc3 d5 4.cxd5 Nxd5 5.e4 Nxc3 6.bxc3 Bg7 7.Bb5+ c6 8.Ba4 O-O
9.Ne2 Nd7 10.O-O e5 11.Be3 Qh4 12.f3 exd4 13.cxd4 Bh6 14.Qd2 Bxe3+ 15.Qxe3 a5
16.a3 Re8 17.Bb3 Kg7 18.Nc3 Qe7 19.f4 Nf6 20.e5 Ng4 21.Qd2 Rd8 22.Ne4 Nh6
23.Qc3 Be6 24.Bxe6 Qxe6 25.Rab1 Qd5 26.Nd6 b5 27.Rbc1 Nf5 28.Nxf5+ gxf5 29.Rfd1 Ra6
30.Rd2 h6 31.Qd3 Qe6 32.Rc5 Rb6 33.Qg3+ Kh7 34.Qd3 b4 35.Rxa5 b3 36.Rb2 Qd7
37.d5 cxd5 38.Rxb3 Rxb3 39.Qxb3 Qc7 40.Rxd5  1/2-1/2

[Event "RUS-ch sf"]
[Site "Kstovo"]
[Date "1998.??.??"]
[Round "7"]
[White "Osokin, Alexei"]
[Black "Yandemirov, Valeri"]
[Result "1/2-1/2"]
[WhiteElo "2330"]
[BlackElo "2545"]

1.d4 Nf6 2.c4 g6 3.Nc3 d5 4.cxd5 Nxd5 5.e4 Nxc3 6.bxc3 Bg7 7.Nf3 c5 8.Rb1 O-O
9.Be2 Nc6 10.d5 Ne5 11.Nxe5 Bxe5 12.Qd2 e6 13.f4 Bg7 14.c4 Qe8 15.O-O exd5
16.exd5 b6 17.Bd3 Qe7 18.f5 Bd7 19.Qf4 Bxf5 20.Bxf5 gxf5 21.Qxf5 Rae8 22.Bf4 Bd4+
23.Kh1 f6 24.Bh6 Rf7 25.Qg4+ Kh8 26.Qg3 Qe5 27.Rbe1 Qxg3 28.Rxe8+ Qg8 29.Rfe1 Be5
30.Rxg8+ Kxg8 31.a4 Rb7 32.g3 Kf7 33.Kg2 a6 34.Rb1 Bc3 35.Kf3 Bb4 36.Be3 b5
37.axb5 axb5 38.cxb5 Rxb5 39.Bxc5 Rxc5  1/2-1/2

[Event "RUS-ch sf"]
[Site "Kstovo"]
[Date "1998.??.??"]
[Round "8"]
[White "Virovlansky, Semen"]
[Black "Hasangatin, Ramil"]
[Result "1/2-1/2"]
[WhiteElo "2345"]
[BlackElo "2460"]

1.d4 Nf6 2.c4 g6 3.Nc3 d5 4.cxd5 Nxd5 5.e4 Nxc3 6.bxc3 Bg7 7.Bb5+ Nc6 8.Nf3 O-O
9.O-O Na5 10.Be3 c6 11.Be2 Be6 12.Ng5 Bc4 13.f4 e6 14.e5 f5 15.exf6 Bxf6
16.Ne4 Be7 17.Nd2 Bxe2 18.Qxe2 b5 19.Rae1 Qd5 20.Nf3 Bd6 21.Ng5 Be7 22.Nf3 Bd6
23.Bc1 Rae8 24.Ng5 Nc4 25.Nxe6 Rf6 26.Nc7 Rxe2 27.Nxd5 Rfe6 28.Nf6+ Kg7 29.Rxe2 Rxe2
30.Nd7 Ne3 31.Rf3 Nxg2 32.Ne5 Nh4 33.Rf2 Re1+ 34.Rf1 Rxf1+ 35.Kxf1 Bxe5 36.fxe5 Kf7
37.Kf2 Ke6 38.Kg3 Nf5+ 39.Kg4 a5 40.Kf4 Kd5 41.Ba3 h6 42.Bf8 Kc4 43.e6 Kxc3
44.Ke5 b4 45.e7 Nxe7 46.Bxe7 Kb2 47.Bd8 a4 48.Be7 b3 49.axb3 axb3 50.d5 cxd5
51.Kxd5 Kc2 52.Ba3 b2 53.Bxb2 Kxb2 54.Ke5 Kc3 55.Kf6 Kd4 56.Kxg6 Ke5 57.h4 Ke6
58.h5 Ke7 59.Kxh6 Kf8  1/2-1/2

[Event "Leuven ASLK"]
[Site "Leuven"]
[Date "1998.??.??"]
[Round "4"]
[White "Akesson, Ralf"]
[Black "Van Haastert, Edwin"]
[Result "0-1"]
[WhiteElo "2505"]
[BlackElo "2335"]

1.c4 Nf6 2.Nc3 d5 3.cxd5 Nxd5 4.d4 g6 5.e4 Nxc3 6.bxc3 Bg7 7.Bb5+ c6 8.Ba4 a5
9.Be3 b5 10.Bb3 a4 11.Bc2 c5 12.Ne2 cxd4 13.cxd4 O-O 14.O-O Nc6 15.Rb1 Ba6
16.d5 Ne5 17.Bc5 Qd7 18.Bb4 Rfd8 19.Rc1 e6 20.Nc3 Rac8 21.Bb1 Bb7 22.Ba5 Re8
23.d6 Rc4 24.Bc7 Rd4 25.Qe2 b4 26.Nd1 Ra8 27.Re1 Ba6 28.Qe3 Nc4 29.Qg3 Nxd6
30.Bb6 Rc4 31.Ne3 Rxc1 32.Rxc1 Nb5 33.Nd1 Nd4 34.Bxd4 Qxd4 35.Ne3 Rd8 36.Qc7 Rc8  0-1

[Event "Ljubljana op"]
[Site "Ljubljana"]
[Date "1998.??.??"]
[Round "7"]
[White "Nikolov, Sasho"]
[Black "Podobnik, Marijan"]
[Result "1-0"]
[WhiteElo "2415"]
[BlackElo "2310"]

1.d4 Nf6 2.c4 g6 3.Nc3 d5 4.cxd5 Nxd5 5.e4 Nxc3 6.bxc3 Bg7 7.Be3 c5 8.Rc1 Qa5
9.Qd2 cxd4 10.cxd4 Qxd2+ 11.Kxd2 O-O 12.Nf3 Nc6 13.Bb5 Rd8 14.Bxc6 bxc6 15.Rc5 Bd7
16.Ne5 Rab8 17.Rhc1 Be8 18.Kd3 Bxe5 19.Rxe5 Rb7 20.Ra5 f6 21.Rcc5 Kf7 22.Kc3 Bd7
23.Ra6 Ra8 24.Rca5 Rc7 25.Bf4 Rb7 26.Ra3 Be8 27.R6a5 Bd7 28.Kd3 Be8 29.Ke3 Bd7
30.Kf3 f5 31.exf5 Bxf5 32.g4 Be6 33.Be5 Bd5+ 34.Kf4 h6 35.h4 Ke6 36.Bg7 h5
37.f3 Rg8 38.Bh6 Rh8 39.Kg5 hxg4 40.fxg4 Rg8 41.Rxa7 Rxa7 42.Rxa7 Be4 43.Ra5 Bd3
44.Kf4 Kd6 45.Ke3 Bc4 46.Bf4+ Ke6 47.a4 Bd5 48.Ra7 Rh8 49.Bg5 Rh7 50.a5 Rf7
51.a6 Rf3+ 52.Kd2 Bc4 53.Rxe7+ Kd5 54.a7 Rd3+ 55.Kc2 Ra3 56.Bc1 Ra6 57.Kc3 Bf1
58.h5 gxh5 59.gxh5 c5 60.dxc5 Kxc5 61.Re8 Bg2 62.h6  1-0

[Event "Miercurea Ciuc op"]
[Site "Miercurea Ciuc"]
[Date "1998.??.??"]
[Round "3"]
[White "Florean, Andrei"]
[Black "Tesla, Vladimir"]
[Result "1/2-1/2"]
[WhiteElo "2455"]
[BlackElo "2270"]

1.d4 Nf6 2.c4 g6 3.Nc3 d5 4.cxd5 Nxd5 5.e4 Nxc3 6.bxc3 Bg7 7.Be3 c5 8.Qd2 Qa5
9.Nf3 Nc6 10.Rc1 cxd4 11.cxd4 Qxd2+ 12.Kxd2 O-O 13.Bb5 f5 14.d5 Rd8 15.Ke2 fxe4
16.dxc6 exf3+ 17.Kxf3 bxc6 18.Bxc6 Rf8+ 19.Kg3 Rb8 20.Rhd1 Rb4 21.Bd5+ Kh8
22.Rc4 Rxc4 23.Bxc4 h5 24.Bg5 Be5+ 25.f4 Bd6 26.Rd5 Rf5 27.Rxf5 Bxf5 28.Bh6 Kh7
29.Bg5  1/2-1/2

[Event "Montecatini Terme op"]
[Site "Montecatini Terme"]
[Date "1998.??.??"]
[Round "4"]
[White "Naumkin, Igor"]
[Black "Krupkova, Petra"]
[Result "1-0"]
[WhiteElo "2435"]
[BlackElo "2295"]

1.d4 Nf6 2.c4 g6 3.Nc3 d5 4.cxd5 Nxd5 5.e4 Nxc3 6.bxc3 Bg7 7.Bc4 O-O 8.Ne2 b6
9.h4 e5 10.h5 exd4 11.hxg6 hxg6 12.cxd4 Qe7 13.Qd3 Nc6 14.Rb1 Re8 15.Bd5 Bd7
16.Qg3 Qf6 17.Bg5 Qd6 18.Qh4 Kf8 19.e5 Qxd5 20.Qh8+  1-0

[Event "Montecatini Terme"]
[Site "Montecatini Terme"]
[Date "1998.??.??"]
[Round "8"]
[White "Botsari Miladinovic, Anna Maria"]
[Black "Beggi, Pierluigi"]
[Result "1/2-1/2"]
[WhiteElo "2325"]
[BlackElo "2205"]

1.d4 Nf6 2.c4 g6 3.Nc3 d5 4.cxd5 Nxd5 5.e4 Nxc3 6.bxc3 Bg7 7.Nf3 O-O 8.Rb1 c5
9.Be2 Qc7 10.O-O Rd8 11.h3 b6 12.Qb3 Nd7 13.Bg5 Nf6 14.Bc4 Rf8 15.Rfe1 e6
16.Rbd1 Bd7 17.e5 Nd5 18.Bxd5 exd5 19.dxc5 Be6 20.cxb6 Qxb6 21.Nd4 Qa6 22.Rb1 Rfc8
23.Bd2 Qd3 24.Rb2 Bf8 25.Qb5 Qc4 26.Qxc4 Rxc4 27.Reb1 Bg7 28.Rb8+ Rc8 29.Rxa8 Rxa8
30.f4 Bf8 31.Nxe6 fxe6 32.Rb7 Rc8 33.Kf1 Bc5 34.Ke2 Bb6 35.Re7 Rc6 36.Rb7 h5
37.Kd3 Kf8 38.g4 hxg4 39.hxg4 Bc5 40.Rb2 Ra6 41.Bc1 Ra4 42.Rb5 Bb6 43.a3 Re4
44.Bd2 Ra4 45.Rb3 g5 46.Rb4 Rxa3 47.fxg5 d4 48.Rc4 dxc3 49.Bc1 Ra5 50.Rxc3 Rxe5
51.Rc6 Kf7 52.Bf4 Rd5+ 53.Ke4 Rc5 54.g6+  1/2-1/2

[Event "Montpellier opA"]
[Site "Montpellier"]
[Date "1998.??.??"]
[Round "1"]
[White "Derieux, Christian"]
[Black "Palac, Mladen"]
[Result "0-1"]
[WhiteElo "2160"]
[BlackElo "2545"]

1.d4 Nf6 2.c4 g6 3.Nc3 d5 4.cxd5 Nxd5 5.e4 Nxc3 6.bxc3 Bg7 7.Bc4 O-O 8.Ne2 Nc6
9.Be3 e5 10.Qd2 Qe7 11.O-O exd4 12.cxd4 Qxe4 13.Ng3 Qh4 14.f4 Nxd4 15.Bxd4 Rd8
16.Ne2 c5 17.g3 Bxd4+ 18.Nxd4 Qf6 19.f5 Qxd4+ 20.Qxd4 Rxd4 21.fxg6 Rxc4 22.gxf7+ Kf8
23.Rae1 Bh3 24.Rf6 Rd4 25.Rh6 Bf5 26.Re5 Bg6 27.h4 Kg7  0-1

[Event "Moscow-ch op"]
[Site "Moscow"]
[Date "1998.??.??"]
[Round "1"]
[White "Zaitsev, Mikhail"]
[Black "Vorobiov, Evgeny E"]
[Result "0-1"]
[WhiteElo "2270"]
[BlackElo "2475"]

1.d4 Nf6 2.c4 g6 3.Nc3 d5 4.cxd5 Nxd5 5.e4 Nxc3 6.bxc3 Bg7 7.Be3 c5 8.Qd2 Qa5
9.Rb1 b6 10.Bb5+ Bd7 11.Bxd7+ Nxd7 12.Ne2 O-O 13.O-O Rfd8 14.Qc2 Rac8 15.Qb3 e6
16.Rfd1 cxd4 17.cxd4 Nf6 18.f3 Ne8 19.Rdc1 Nd6 20.a4 Qa6 21.Kf2 Rc4 22.e5 Rxc1
23.Rxc1 Nf5 24.Bg5 Qxe2+ 25.Kxe2 Nxd4+ 26.Kd1 Nxb3+ 27.Bxd8 Nxc1 28.Kxc1 Bxe5
29.h3 Kf8 30.a5 bxa5 31.Bxa5 Ke7  0-1

[Event "Moscow-ch op"]
[Site "Moscow"]
[Date "1998.??.??"]
[Round "4"]
[White "Cherniak, Anton S"]
[Black "Baikov, Vladimir A"]
[Result "1-0"]
[WhiteElo "2285"]
[BlackElo "2400"]

1.d4 Nf6 2.c4 g6 3.Nc3 d5 4.cxd5 Nxd5 5.e4 Nxc3 6.bxc3 Bg7 7.Nf3 c5 8.Rb1 O-O
9.Be2 Nc6 10.d5 Ne5 11.Nxe5 Bxe5 12.Qd2 e6 13.f4 Bc7 14.O-O exd5 15.exd5 Ba5
16.Bf3 Qf6 17.Bb2 Bf5 18.Rbe1 c4 19.Re5 Bd3 20.Rfe1 Bb6+ 21.Kh1 Bc5 22.Bc1 Rad8
23.g3 b5 24.Qg2 b4 25.Bb2 Qa6 26.g4 b3 27.axb3 cxb3 28.c4 Qxc4 29.Rc1 Bc2
30.Qd2 Rfe8 31.d6 Rxe5 32.fxe5 Qb4 33.Qg5 Rf8 34.Qf6 Bd4 35.Qf4 Bc3 36.Qxb4 Bxb4
37.Bd5 a5 38.d7 a4 39.e6 Be7 40.exf7+ Rxf7 41.Re1 Kf8 42.Bxf7 Kxf7 43.Ba3 Bh4
44.Re8 Bd1 45.h3 Bf3+ 46.Kg1 Bc6 47.d8=Q Bxd8 48.Rxd8 Bb5 49.Rd6 g5 50.Kf2 Be8
51.Ke3 Bb5 52.Kd4 Bf1 53.Ke5 Bxh3 54.Rd7+ Kg6 55.Rd6+ Kf7 56.Rd4 Bf1 57.Rxa4  1-0

[Event "Moscow-ch op"]
[Site "Moscow"]
[Date "1998.??.??"]
[Round "5"]
[White "Dragomarezkij, Evgeni"]
[Black "Najer, Evgeniy"]
[Result "0-1"]
[WhiteElo "2490"]
[BlackElo "2500"]

1.d4 Nf6 2.c4 g6 3.Nc3 d5 4.cxd5 Nxd5 5.e4 Nxc3 6.bxc3 Bg7 7.Ba3 O-O 8.Nf3 b6
9.Bc4 Bb7 10.Qe2 c5 11.O-O Qc7 12.Rac1 Nd7 13.e5 e6 14.Ng5 a6 15.f4 b5 16.Bb3 Qa5
17.Bb2 Nb6 18.Qg4 Nc4 19.Rf2 Bd5 20.Ba1 Rac8 21.dxc5 Rxc5 22.Bc2 Rc7 23.Be4 Bxe4
24.Qh4 h5 25.Nxe4 Rd7 26.g4 Qd8 27.Qxd8 Rfxd8 28.gxh5 gxh5 29.Bb2 Rd1+  0-1

[Event "Goldberg mem"]
[Site "Moscow"]
[Date "1998.??.??"]
[Round "6"]
[White "Kosyrev, Vladimir"]
[Black "Naer, Eugeni"]
[Result "1/2-1/2"]
[WhiteElo "2405"]
[BlackElo "2455"]

1.d4 Nf6 2.c4 g6 3.Nc3 d5 4.cxd5 Nxd5 5.e4 Nxc3 6.bxc3 Bg7 7.Bb5+ c6 8.Ba4 b5
9.Bb3 b4 10.Be3 bxc3 11.Rc1 Ba6 12.Ne2 Nd7 13.Nxc3 O-O 14.f4 c5 15.e5 cxd4
16.Qxd4 g5 17.g3 Rc8 18.Kf2 gxf4 19.gxf4 e6 20.h4 Bb7 21.Rh3 Nc5 22.Qxd8 Rfxd8
23.Bxc5 Rxc5 24.Rg3 Kf8 25.Rcg1 Bh6 26.Rg8+ Ke7 27.Rxd8 Kxd8 28.Rg8+ Kd7
29.Ne2 Rc8 30.Ba4+ Ke7 31.Rxc8 Bxc8 32.Ke3 f6 33.exf6+ Kxf6 34.Bc2 e5 35.Bxh7 exf4+
36.Nxf4  1/2-1/2

[Event "Moscow-ch op"]
[Site "Moscow"]
[Date "1998.??.??"]
[Round "6"]
[White "Zaitsev, Mikhail"]
[Black "Ageichenko, Genadi A"]
[Result "1/2-1/2"]
[WhiteElo "2270"]
[BlackElo "2360"]

1.d4 Nf6 2.c4 g6 3.Nc3 d5 4.cxd5 Nxd5 5.e4 Nxc3 6.bxc3 Bg7 7.Be3 c5 8.Qd2 Qa5
9.Rb1 b6 10.Bb5+ Bd7 11.Bxd7+ Nxd7 12.Ne2 Rd8 13.O-O O-O 14.Qc2 Qa6 15.Rfd1 cxd4
16.cxd4 Rc8 17.Qd2 Rc4 18.Rdc1 Rfc8 19.Rxc4 Rxc4 20.Rc1 e6 21.Qd3 b5 22.Rxc4 bxc4
23.Qc2 Nb6 24.Nc3 Qa5 25.Kf1 Bf8 26.Bd2 Bb4 27.Nb1 Na4 28.Qxc4 Bxd2 29.Nxd2 Qxd2
30.Qxa4 Qd3+ 31.Ke1 Qxe4+ 32.Kf1 Qd3+ 33.Ke1 a6 34.Qb4 Kg7 35.a3 Qe4+ 36.Kf1 Qd5
37.f3 h5 38.Kf2 a5 39.Qd2 g5 40.Qe3 Kf6 41.Qc3 h4 42.Qe3 Qd6 43.Kg1 Ke7 44.Qxg5+ Kd7
45.Qb5+ Qc6 46.Qxc6+ Kxc6 47.g3 h3 48.Kf2 Kb5 49.g4 Ka4 50.f4 Kxa3 51.f5 a4
52.fxe6 fxe6 53.g5 Kb4 54.g6 a3 55.g7 a2 56.g8=Q a1=Q 57.Qxe6 Qb2+ 58.Kg3 Qg2+
59.Kh4 Qxh2 60.Qxh3  1/2-1/2

[Event "RUS-Cup02"]
[Site "Moscow"]
[Date "1998.??.??"]
[Round "7"]
[White "Danielian, Oganes"]
[Black "Yandemirov, Valeri"]
[Result "1-0"]
[WhiteElo "2450"]
[BlackElo "2545"]

1.d4 Nf6 2.c4 g6 3.Nc3 d5 4.cxd5 Nxd5 5.e4 Nxc3 6.bxc3 Bg7 7.Bb5+ Nc6 8.Nf3 O-O
9.O-O Na5 10.Ba3 c6 11.Bd3 Be6 12.Qe2 b5 13.Nd2 a6 14.Kh1 Nb7 15.f4 c5 16.f5 Bc8
17.e5 gxf5 18.Qh5 e6 19.Ne4 Bd7 20.Rf3 f6 21.Rh3 h6 22.exf6 Rxf6 23.Nxf6+ Qxf6
24.Qf3 Rb8 25.dxc5 Nd8 26.Rd1 Bc6 27.Qg3 Rc8 28.Qh4 Qxh4 29.Rxh4 Bxc3 30.Rxh6 Kg7
31.Rh3 b4 32.Bc1 Ba4 33.Bxa6 Ra8 34.Rd6 Be5 35.Rb6 Bc7 36.Bc4 Bxb6 37.Bb2+ Kg6
38.Rg3+ Kh6 39.cxb6 Bc6 40.Bg7+ Kh7 41.Be5 Ra5 42.Bc7 Nf7 43.b7  1-0

[Event "RUS-Cup02"]
[Site "Moscow"]
[Date "1998.??.??"]
[Round "8"]
[White "Krasilnikov, Viatcheslav"]
[Black "Vokarev, Sergey"]
[Result "0-1"]
[WhiteElo "2320"]
[BlackElo "2485"]

1.d4 Nf6 2.c4 g6 3.Nc3 d5 4.cxd5 Nxd5 5.e4 Nxc3 6.bxc3 Bg7 7.Bb5+ c6 8.Ba4 O-O
9.Ne2 c5 10.O-O cxd4 11.cxd4 b6 12.Be3 e6 13.Rc1 Bb7 14.f3 Na6 15.Qd2 Qe7
16.Nc3 Nc7 17.Rfd1 Rfd8 18.Qf2 Rac8 19.Bb3 h6 20.Qg3 Ne8 21.e5 Qb4 22.Ne2 Kh7
23.h4 Rxc1 24.Rxc1 Ba6 25.Nf4 Rxd4 26.Bc2 Kg8 27.Nxg6 Qc3 28.Qf2 Rd8 29.Ne7+ Kf8
30.Be4 Bxe5 31.f4 Qxe3 32.Qxe3 Bd4 33.Nd5 Rxd5  0-1

[Event "Goldberg mem"]
[Site "Moscow"]
[Date "1998.??.??"]
[Round "9"]
[White "Naer, Eugeni"]
[Black "Odeev, Handszar"]
[Result "1/2-1/2"]
[WhiteElo "2455"]
[BlackElo "2430"]

1.d4 Nf6 2.c4 g6 3.Nc3 d5 4.cxd5 Nxd5 5.e4 Nxc3 6.bxc3 Bg7 7.Nf3 c5 8.Rb1 O-O
9.Be2 cxd4 10.cxd4 Qa5+ 11.Qd2 Qxd2+ 12.Bxd2 Rd8 13.d5 Nd7 14.Bb4 Bf8 15.O-O Nf6
16.Bd3 e6 17.Bc3 Ne8 18.Ne5 exd5 19.exd5 Nc7 20.Be4 Nxd5 21.Rfd1 Be6 22.Bxd5 Bxd5
23.Ng4 Bxa2 24.Nf6+ Kh8 25.Ne8+ Kg8 26.Nf6+  1/2-1/2